Motivácia zamestnancov a jej vplyv na zvyšovanie výkonnosti podniku diplomová práca

Salvato in:
Dettagli Bibliografici
Autore principale: Novotná, Eva
Ente Autore: Fakulta podnikového manažmentu EU. Katedra manažmentu
Altri autori: Joniaková, Zuzana, 1970-
Natura: Libro
Lingua:slovacco
Pubblicazione: Bratislava 2008
Tags: Aggiungi Tag
Nessun Tag, puoi essere il primo ad aggiungerne!!

MARC

LEADER 00000nam$a2200000$$$4500
001 0086540
005 20240201115648.4
041 0 |a slo 
044 |a SK 
245 1 0 |a Motivácia zamestnancov a jej vplyv na zvyšovanie výkonnosti podniku  |b diplomová práca  |c Eva Novotná ; škol. Zuzana Joniaková 
264 1 |a Bratislava  |c 2008 
300 |a 96 s. 
100 1 |a Novotná, Eva 
700 1 |a Joniaková, Zuzana, 1970- 
710 2 |a Fakulta podnikového manažmentu EU. Katedra manažmentu